| 000 | 00438cam a2200169ua 4500 | ||
|---|---|---|---|
| 003 | OSt | ||
| 008 | 240215b |||||||| |||| 00| 0 eng d | ||
| 020 | _a81 7132 036 8 | ||
| 041 | _aeng | ||
| 082 |
_a621.3678 _bSAI/RE |
||
| 100 |
_aSaini, R R . _96040 |
||
| 245 | _aRemote sensing in resource geography / | ||
| 260 |
_aJaipur : _bPointer publishers , _c1991. |
||
| 300 | _a190 ; . | ||
| 700 | 1 |
_aKalwar, S C . _96041 |
|
| 942 | _cBK | ||
| 999 |
_c10479 _d10479 |
||